000 01154cad a22002055a 4500
001 L140414
008 070920e20070918xxkbdo f s f000 0 eng d
035 _a(Sirsi) u140414
041 0 _aeng
050 0 4 _a306.1 $2 18
110 1 _aLondon
_bGreater London Authority
_93989
245 0 4 _aThe draft mayor's housing strategy
_h[electronic resource]
260 _aLondon
_bGLA
_c2007
520 _aOutlines the Mayor's housing policy objectives, and invites responses for consultation. Key aims are to supply more affordable and family homes; assist people on low to middle incomes in gaining access to the housing ladder; and to increase choice and mobility. It considers that more affordable homes will contribute to successful neighbourhoods. Improvements in environmental standards and use of resources will improve the standard of living and reduce the impact of climate change. Also aims to maximise social inclusiveness.
590 _aKA
651 4 _aLondon
690 _aPROPERTY-RESIDENTIAL PROPERTY
856 4 0 _uhttps://www.london.gov.uk/mayor/housing/strategy/index.jsp
_zView the item free of charge at www.london.gov.uk...
942 _n0
999 _c107498
_d107498